Datum a čas kvízu
16
Celkem bodů
Celkový počet nahraných bodů na tomto kvízu bez doplňovacích otázek.
7.
Pořadí na kvízu
Konečné umístění týmu na tomto kvízu.
Zaznamenané odpovědi
| # | Otázka | Odpověď | Body | Výsledky |
|---|---|---|---|---|
| 1. | 15. ledna byl slavnostně otevř... | 0 | ||
| 2. | Aplikace, jejíž logo vidíte na... | 1 | ||
| 3. | Ve středu 17. ledna byly oznám... | 1 | ||
| 4. | Společnost Škoda Auto oznámila... | 1 | ||
| 5. | Ve 37 letech ukončil kariéru f... | 0 | ||
| 6. | Abychom se mohli ohřát u ohně,... | 0 | ||
| 7. | Firework, tedy Ohňostroj, je h... | 1 | ||
| 8. | Ohňová země je souostroví u ji... | 1 | ||
| 5. | Napište název jevu související... | 0 | ||
| 5. | Ohníček byl časopis pro děti a... | 0 |